Skip to main content
Your cart is empty.
Your lists
Log in to create your own lists
Your cookies
العربية
English
العربية
Home
Search
Advanced search
Authority search
About
The noble scholar, jurist, historian
His Excellency Dr. Abdul Wahhab bin Ibrahim Abu Sulaiman, may Allah have mercy on him.
He was born in Umm Al-Qura in the year 1356 AH.
Library catalog
Title
Author
Subject
ISBN
ISSN
Series
Call number
Log in to your account
×
Login:
Password:
Home
MARC view: علم المالية العامة مع دراسة تطبيقية من المملكة العربية السعودية /
Normal view
MARC view
ISBD view
علم المالية العامة مع دراسة تطبيقية من المملكة العربية السعودية / (Record no. 8786)
[
view plain
]
MARC details
000 -LEADER
fixed length control field
01014cam a22002531i 4500
003 - CONTROL NUMBER IDENTIFIER
control field
SA-RiAUC
005 - DATE AND TIME OF LATEST TRANSACTION
control field
20250610101514.0
008 - FIXED-LENGTH DATA ELEMENTS--GENERAL INFORMATION
fixed length control field
250604s1983 su a f f001 0 ara c
040 ## - CATALOGING SOURCE
Original cataloging agency
SA-RiSAMA
Language of cataloging
ara
Transcribing agency
SA-RiAUC
Description conventions
rda
043 ## - GEOGRAPHIC AREA CODE
Geographic area code
a-su---
082 04 - DEWEY DECIMAL CLASSIFICATION NUMBER
Classification number
336.009531
090 ## - LOCALLY ASSIGNED LC-TYPE CALL NUMBER (OCLC); LOCAL CALL NUMBER (RLIN)
Classification number (OCLC) (R) ; Classification number, CALL (RLIN) (NR)
336.009531
Local cutter number (OCLC) ; Book number/undivided call number, CALL (RLIN)
ف ر هـ
100 1# - MAIN ENTRY--PERSONAL NAME
Personal name
فرهود، محمد سعيد،
Dates associated with a name
1939-2011
Relator term
مؤلف.
245 10 - TITLE STATEMENT
Title
علم المالية العامة مع دراسة تطبيقية من المملكة العربية السعودية /
Statement of responsibility, etc.
إعداد محمد سعيد فرهود.
264 #1 - PRODUCTION, PUBLICATION, DISTRIBUTION, MANUFACTURE, AND COPYRIGHT NOTICE
Place of production, publication, distribution, manufacture
الرياض :
Name of producer, publisher, distributor, manufacturer
معهد الإدارة العامة،
Date of production, publication, distribution, manufacture, or copyright notice
[1983]
300 ## - PHYSICAL DESCRIPTION
Extent
686 صفحة :
Other physical details
جداول ؛
Dimensions
25 سم
336 ## - CONTENT TYPE
Content type term
نص
Content type code
txt
Source
rdacontent
Materials specified
كتاب
337 ## - MEDIA TYPE
Media type term
بدون وسيط
Media type code
n
Source
rdamedia
338 ## - CARRIER TYPE
Carrier type term
مجلد
Carrier type code
nc
Source
rdacarrier
500 ## - GENERAL NOTE
General note
يشتمل على كشافات.
650 #7 - SUBJECT ADDED ENTRY--TOPICAL TERM
Topical term or geographic name entry element
المالية العامة
Geographic subdivision
السعودية
Source of heading or term
aucsh
942 ## - ADDED ENTRY ELEMENTS (KOHA)
Source of classification or shelving scheme
Dewey Decimal Classification
Koha item type
Books
Suppress in OPAC
No
949 ## - LOCAL PROCESSING INFORMATION (OCLC)
a
SA-JeALM
d
250604
u
mohamedma123
n
1
Holdings
Withdrawn status
Lost status
Source of classification or shelving scheme
Damaged status
Not for loan
Home library
Current library
Date acquired
Total checkouts
Full call number
Barcode
Date last seen
Price effective from
Koha item type
Dewey Decimal Classification
DR AbdElwahab Library
DR AbdElwahab Library
06/10/2025
336.009531 ف ر هـ
000014382
06/10/2025
06/10/2025
Books
Place hold
Print
Add to your cart
(remove)
Save record
BIBTEX
Dublin Core
MARCXML
MARC (non-Unicode/MARC-8)
MARC (Unicode/UTF-8)
MARC (Unicode/UTF-8, Standard)
MODS (XML)
RIS
ISBD
More searches
Search for this title in:
Other Libraries (WorldCat)
Other Databases (Google Scholar)
Online Stores (Bookfinder.com)
Open Library (openlibrary.org)
Exporting to Dublin Core...
×
Simple DC-RDF
OAI-DC
SRW-DC